The roots of the Filipino nation / (Record no. 3413)
[ view plain ]
| 000 -LEADER | |
|---|---|
| fixed length control field | 01005cam a2200325 a 4500 |
| 001 - CONTROL NUMBER | |
| control field | 14664795 |
| 003 - CONTROL NUMBER IDENTIFIER | |
| control field | OSt |
| 005 - DATE AND TIME OF LATEST TRANSACTION | |
| control field | 20140310181755.0 |
| 008 - FIXED-LENGTH DATA ELEMENTS--GENERAL INFORMATION | |
| fixed length control field | 061211m20052006ph b f001 0 eng |
| 010 ## - LIBRARY OF CONGRESS CONTROL NUMBER | |
| LC control number | 2006343577 |
| 020 ## - INTERNATIONAL STANDARD BOOK NUMBER | |
| International Standard Book Number | 971911780X |
| 040 ## - CATALOGING SOURCE | |
| Original cataloging agency | DLC |
| Transcribing agency | DLC |
| Modifying agency | DLC |
| 042 ## - AUTHENTICATION CODE | |
| Authentication code | lcode |
| 043 ## - GEOGRAPHIC AREA CODE | |
| Geographic area code | a-ph--- |
| 050 00 - LIBRARY OF CONGRESS CALL NUMBER | |
| Classification number | DS 668 |
| Item number | .C822 1989 |
| 082 ## - DEWEY DECIMAL CLASSIFICATION NUMBER | |
| Classification number | FIL 920.09599 |
| Item number | C817 1989 |
| 245 14 - TITLE STATEMENT | |
| Title | The roots of the Filipino nation / |
| Statement of responsibility, etc | O.D. Corpuz |
| 260 ## - PUBLICATION, DISTRIBUTION, ETC. (IMPRINT) | |
| Place of publication, distribution, etc | Quezon City, Philippines : |
| Name of publisher, distributor, etc | Aklahi Foundation, Inc., |
| Date of publication, distribution, etc | c1989. |
| 300 ## - PHYSICAL DESCRIPTION | |
| Extent | vi , 744 p. : |
| Dimensions | 24 cm. |
| 500 ## - GENERAL NOTE | |
| General note | First published: Quezon City, Philippines : Aklahi Foundation, 1989. |
| 504 ## - BIBLIOGRAPHY, ETC. NOTE | |
| Bibliography, etc | Includes bibliographical references (v. 2, p. [761]-787) and index. |
| 524 ## - PREFERRED CITATION OF DESCRIBED MATERIALS NOTE | |
| Preferred citation of described materials note | |
| 541 ## - IMMEDIATE SOURCE OF ACQUISITION NOTE | |
| -- | 1 |
| 541 ## - IMMEDIATE SOURCE OF ACQUISITION NOTE | |
| -- | 2 |
| 562 ## - COPY AND VERSION IDENTIFICATION NOTE | |
| Number of copies | 2 |
| 651 #0 - SUBJECT ADDED ENTRY--GEOGRAPHIC NAME | |
| Geographic name | Philippines |
| General subdivision | History. |
| 906 ## - LOCAL DATA ELEMENT F, LDF (RLIN) | |
| a | 7 |
| b | cbc |
| c | origode |
| d | 3 |
| e | ncip |
| f | 20 |
| g | y-gencatlg |
| 942 ## - ADDED ENTRY ELEMENTS (KOHA) | |
| Source of classification or shelving scheme | Library of Congress Classification |
| Koha item type | |
| Call number prefix | Filipininana |
| Withdrawn status | Lost status | Source of classification or shelving scheme | Damaged status | Home library | Current library | Shelving location | Date acquired | Total Checkouts | Full call number | Barcode | Date last seen | Copy number | Price effective from | Koha item type | Total Renewals | Date checked out |
|---|---|---|---|---|---|---|---|---|---|---|---|---|---|---|---|---|
| Library of Congress Classification | Luxembourg Library | Luxembourg Library | Filipiniana Section | 06/29/2013 | DS 668 .C822 1989 vol.1 | 6550 | 08/13/2013 | 1 | 06/29/2013 | Books | ||||||
| Library of Congress Classification | Luxembourg Library | Luxembourg Library | Filipiniana Section | 06/29/2013 | 1 | DS 668 .C822 1989 vol.2 | 6551 | 03/29/2019 | 1 | 06/29/2013 | Books | 3 | 03/01/2019 |